| 000 | 01570cam a2200433 4500 | ||
|---|---|---|---|
| 003 | PE-LiUPU | ||
| 005 | 20250731172707.0 | ||
| 020 | _a8429306277 | ||
| 035 | _a(Sirsi) i9788429306279 | ||
| 035 | _a(Sirsi) 194 | ||
| 035 | _a(Sirsi) 194 | ||
| 041 | _aes | ||
| 044 | _aes | ||
| 082 | 0 | 4 |
_a226.8 _bK39 |
| 100 | 1 | _aKemme, Alfonsr | |
| 245 |
_aLes hablaba en palabra : _bcómo leerlas y entenderlas / _cAlfonsr Kemme. |
||
| 264 | 1 |
_aSantander : _bEditorial Sal Terrae, _c1982 |
|
| 300 |
_a195 páginas ; _c18 cm. |
||
| 490 | 0 | _aColección alcance | |
| 505 | 0 | _aLa fuerza del evangelio -- Presencia de la salvación -- Misericordia de Dios con los pecadores -- Verdadera pertenencia la grupo de los discípulos -- Esperanza en la hora de Dios -- Transcendencia del momento -- La última tregua de gracia -- Actitud decidida y resuelta -- El reino en plenitud -- Elreino de Dios en las parábolas | |
| 526 | _aSEG42 | ||
| 526 | _aSEG41 | ||
| 526 | _aSEG40 | ||
| 526 | _aSEG39 | ||
| 526 | _aP94 | ||
| 526 | _aP87 | ||
| 526 | _aP86 | ||
| 526 | _aP85 | ||
| 526 | _aP77 | ||
| 526 | _aP76 | ||
| 526 | _aP35 | ||
| 650 | 1 | 4 |
_aPARÁBOLAS BÍBLICAS _91498 |
| 942 |
_2ddc _cBOOK |
||
| 949 |
_a226.8 K39 _i21601 _lCCODEBUL1 _mBUL _tLIBRO _o.STAFF. Colección general |
||
| 859 |
_q21601 _h226.8 _iK39 |
||
| 910 | _aaj-lc | ||
| 596 | _a1 | ||
| 999 |
_a226.8 K39 _wDEWEY _c388 _i21601 _f2021-11-9 _g5 _lCCODEBUL1 _mBUL _r0 _sY _tBOOK _u2015-6-17 _xTEOLOGIA _PP35 _0COMPRA _o.STAFF. Colección General _d388 |
||
| 980 |
_81 _gALBERTO SANCHEZ Responsable de Automatización |
||